000
00314nam a22001457a 4500
003
SGT
020
_a
978-81-204-0416-8
082
_a
630
_b
375
100
_a
CHANDRA, DE GOPAL
245
_a
FUNDAMENTAL OF AGRONOMY
260
_a
DELHI
_b
CBS
_c
2019
300
_a
425
650
_a
AGRICULTURE
942
_2
ddc
_c
BK
_0
32
999
_c
17030
_d
17030